Miasta w historycznej Wielkopolsce - Statystyki

Ogólne statystyki
  • Ten quiz został rozwiązany 24 razy
  • Średni wynik to 26 z 42
Statystyki odpowiedzi
Liczba mieszkańców Województwo Miasto % Poprawnych
534 913 wielkopolskie Poznań
100%
62 424 wielkopolskie Gniezno
86%
69 074 wielkopolskie Piła
86%
91 515 wielkopolskie Kalisz
81%
18 923 wielkopolskie Koło
81%
65 570 wielkopolskie Konin
81%
59 143 wielkopolskie Leszno
76%
68 333 wielkopolskie Ostrów Wielkopolski
76%
26 260 wielkopolskie Jarocin
71%
27 914 wielkopolskie Krotoszyn
71%
24 286 wielkopolskie Środa Wielkopolska
71%
31 668 wielkopolskie Września
71%
16 915 wielkopolskie Chodzież
67%
15 109 wielkopolskie Grodzisk Wielkopolski
67%
25 302 wielkopolskie Wągrowiec
67%
17 904 wielkopolskie Złotów
67%
9703 wielkopolskie Czarnków
62%
19 588 wielkopolskie Gostyń
62%
9835 wielkopolskie Międzychód
62%
27 289 wielkopolskie Śrem
62%
17 994 wielkopolskie Szamotuły
62%
11 681 wielkopolskie Wolsztyn
62%
22 989 wielkopolskie Kościan
57%
16 478 lubuskie Międzyrzecz
57%
13 363 wielkopolskie Nowy Tomyśl
57%
16 994 wielkopolskie Oborniki
57%
27 709 wielkopolskie Swarzędz
57%
12 758 lubuskie Wschowa
57%
12 724 kujawsko-pomorskie Żnin
57%
10 766 kujawsko-pomorskie Mogilno
52%
16 387 wielkopolskie Pleszew
52%
19 369 wielkopolskie Rawicz
52%
16 280 wielkopolskie Trzcianka
52%
10 328 wielkopolskie Wronki
52%
16 738 kujawsko-pomorskie Nakło nad Notecią
48%
12 715 wielkopolskie Słupca
48%
32 785 wielkopolskie Luboń
38%
23 117 zachodniopomorskie Wałcz
38%
14 495 wielkopolskie Mosina
33%
10 275 wielkopolskie Murowana Goślina
33%
8609 kujawsko-pomorskie Sępólno Krajeńskie
33%
10 687 wielkopolskie Rogoźno
29%
Nie znaleziono quizów pasujących do podanych kryteriów
Rozkład punktacji
Procent ludzi z każdym wynikiem
Percentyl według liczby udzielonych odpowiedzi
Twoja historia wyników
Nie rozwiązałeś tego quizu